000 01185nam a2200229 i 4500
001 166025
003 ES-MaACL
005 20250726075921.0
008 051005s1901 fr |||| | fre d
040 _aCAM
_bspa
_cCAM
100 1 _aTarafa ibn albd-al-Bakri.
_9164996
245 1 0 _aDîwân de Tarafa Ibn Al-Abd Aal-Bakrî /
_caccompagné du commentaire de Yoûsouf Al-A'lam de Santa Maria, d'après les manuscrits de Paris et de Londres . Suivi d'un Appendice renfermant de nombreuses poésies inédites tirées des manuscrits d'Alger, de Berlin, de Londres et de Vienne / par Max Seligsohn.
260 _aParis :
_bEmile Bouillon,
_c1901.
300 _aXVI, 171, [144] p. ;
_c26 cm.
490 1 _aBibliothèque de l'Ecole des Hautes Etudes. Sciences historique et philologiques ;
_v128
546 _aIntroducción y traducción en francés, texto en arabe.
594 _aLa segunda secuencia de pag., entre corchetes, corresponde al texto árabe.
700 1 _aSeligsohn, Max.
_9132640
830 0 0 _aBibliothèque de l'École des Hautes Études
_v128
_9187926
852 _aES-MaACL
_jC-7646
_z- Enc. hol., conservando cub. original
999 _c166025
_d166025